Normal view
MARC view
- Seebeck, Charles L.
Entry Personal Name
001 - CONTROL NUMBER
- control field: 39084
003 - CONTROL NUMBER IDENTIFIER
- control field: NUST
005 - DATE AND TIME OF LATEST TRANSACTION
- control field: 20210314131334.0
008 - FIXED-LENGTH DATA ELEMENTS
- fixed length control field: 210314|| aca||aabn | a|a d
040 ## - CATALOGING SOURCE
- Original cataloging agency: NUST
- Transcribing agency: NUST
100 ## - HEADING--PERSONAL NAME
- Personal name: Seebeck, Charles L.
670 ## - SOURCE DATA FOUND
- Source citation: Work cat.: (NUST): Hummel, Paul Matthew, 39082, Mathematics of finance, 1948.
